| 000 | 01047nam a22003137a 4500 | ||
|---|---|---|---|
| 003 | CHAP | ||
| 005 | 20220329140022.0 | ||
| 008 | 971013s1970 r 00010 d | ||
| 010 | _a45651 | ||
| 011 | _a46623 | ||
| 035 | _a50764 | ||
| 040 | _cCHAP | ||
| 090 | _aFolleto 3878 | ||
| 100 | 0 | 0 |
_aReisch, E. M. _995796 |
| 245 | _aRecent advances in farm planning in W. Europe and North America | ||
| 260 |
_aMoscow : _b(s.e.), _c1970 |
||
| 300 | _a27 p. | ||
| 500 | _aPonencia presentada en : International conference of agricultural Economists 15, Moscow, 1970 | ||
| 590 |
_aBATCH-UPD _b10 _c20130110 _lUCH01 _h1928 |
||
| 590 |
_aBATCH-UPD _b10 _c20130410 _lUCH01 _h1253 |
||
| 590 |
_aBATCH-UPD _b10 _c20130914 _lUCH01 _h1928 |
||
| 590 |
_aCONVERSION _b10 _c20130109 _lUCH01 _h1325 |
||
| 650 | 1 | 4 |
_aAgricultura _xModelos matematicos. _91744 |
| 650 | 1 | 4 |
_aPolítica agrícola _xAmérica del Norte. _990287 |
| 650 | 1 | 4 |
_aPolítica agrícola _xEuropa. _990317 |
| 901 | _aBK | ||
| 942 | _cFOLL | ||
| 949 |
_aFolleto 3878 _bBC _cFOLL _d-113971 _eTS1 _i50764 _si |
||
| 999 |
_c45651 _d45651 |
||